[Event "Open Portugal 2019"]
[Site "Lisboa POR"]
[Date "2019.02.05"]
[Round "5.40"]
[White "Fernández Montero, Francisco M."]
[Black "Bubalovic, Davorin"]
[Result "0-1"]
[WhiteElo "2070"]
[BlackElo "2249"]
[WhiteFideId "2230666"]
[BlackFideId "14500515"]
[BlackTitle "FM"]
[WhiteCountry "ESP"]
[BlackCountry "CRO"]
[PlyCount "96"]
[EventDate "2019.??.??"]

1. e4 c5 2. Nf3 e6 3. c3 Nf6 4. e5 Nd5 5. d4 cxd4 6. cxd4 d6 7. a3 Nc6 8. Bd3
Bd7 9. O-O Qc7 10. Re1 Rc8 11. Nbd2 Nf4 12. exd6 Bxd6 13. Bb1 Ne7 14. Ne4 Bc6
15. Ne5 Nfg6 16. f4 Bd5 17. Ng5 Bxe5 18. fxe5 Qb6 19. Rf1 Rxc1 20. Qxc1 Qxd4+
21. Kh1 Nh4 22. Nf3 Nxf3 23. gxf3 Qxe5 24. Qc2 Bc6 25. Qf2 Nc8 26. Bd3 O-O 27.
Rae1 Qa5 28. Rd1 g6 29. Be4 Bxe4 30. fxe4 Qe5 31. Qd4 Qb5 32. a4 Qb6 33. b4 Qa6
34. a5 Qe2 35. Rf2 Qb5 36. Qc5 Qa4 37. Rfd2 b6 38. Qc3 Ne7 39. Rd8 Nc6 40. Rxf8+
Kxf8 41. Rd7 e5 42. Qc4 Qa1+ 43. Kg2 Qb2+ 44. Kh3 Qa3+ 45. Kg4 h5+ 46. Kh4 g5+
47. Kxg5 Qe3+ 48. Kxh5 Qh3+ 0-1

[Event "Open Portugal 2019"]
[Site "Lisboa POR"]
[Date "2019.02.05"]
[Round "5.41"]
[White "Hernandez Munoz, Antonio Ramon"]
[Black "Harshal, Shahi"]
[Result "1-0"]
[WhiteElo "2249"]
[BlackElo "2064"]
[WhiteFideId "22241280"]
[BlackFideId "5048257"]
[BlackTitle "FM"]
[WhiteCountry "ESP"]
[BlackCountry "IND"]
[PlyCount "99"]
[EventDate "2019.02.02"]

1. d4 d5 2. Nf3 Nf6 3. c4 c6 4. e3 Bf5 5. Nc3 e6 6. Nh4 Be4 7. f3 Bg6 8. Qb3 Qb6
9. Nxg6 hxg6 10. Bd2 Nbd7 11. g3 Bd6 12. Kf2 Qc7 13. Kg2 Rd8 14. cxd5 exd5 15.
e4 dxe4 16. fxe4 Qc8 17. h3 Nf8 18. Be3 Bb8 19. Rc1 Qc7 20. Bf2 Qe7 21. Re1 Ne6
22. d5 Ng5 23. Bd3 O-O 24. h4 Ne6 25. Be2 Nc7 26. Bf3 cxd5 27. exd5 Qd7 28. Qxb7
Ncxd5 29. Nxd5 Nxd5 30. Qxd7 Rxd7 31. Rd1 Rfd8 32. Rhe1 Nf6 33. Rxd7 Rxd7 34.
Rc1 Be5 35. Rc8+ Kh7 36. Rc2 Nh5 37. b4 f5 38. b5 Nf6 39. a4 Bd4 40. a5 Bxf2 41.
Kxf2 Ne4+ 42. Bxe4 fxe4 43. b6 Rf7+ 44. Ke2 axb6 45. axb6 Rf3 46. Rb2 Rxg3 47.
Rb5 Rg2+ 48. Ke3 Rg3+ 49. Kxe4 Rg4+ 50. Kf3 1-0

[Event "Open Portugal 2019"]
[Site "Lisboa POR"]
[Date "2019.02.05"]
[Round "5.42"]
[White "Fernández Vallejo, Luis"]
[Black "Nordquelle, Daniel"]
[Result "0-1"]
[WhiteElo "2063"]
[BlackElo "2235"]
[WhiteFideId "2296853"]
[BlackFideId "1519042"]
[BlackTitle "FM"]
[WhiteCountry "ESP"]
[BlackCountry "NOR"]
[PlyCount "120"]
[EventDate "2019.02.02"]

1. e4 c5 2. Nf3 d6 3. d4 cxd4 4. Nxd4 Nf6 5. f3 e5 6. Nb3 Be6 7. c4 Nbd7 8. Nc3
Rc8 9. Nd5 Bxd5 10. cxd5 g6 11. Be3 a6 12. Qd2 Bg7 13. Be2 O-O 14. O-O Nh5 15.
Rac1 Rxc1 16. Rxc1 f5 17. Qb4 fxe4 18. fxe4 Qh4 19. Bf3 Ndf6 20. Qxd6 Nxe4 21.
Qe6+ Kh8 22. d6 Nf4 23. Qe7 Ng5 24. Nd2 Rg8 25. Rf1 Nxf3+ 26. Rxf3 Qe1+ 27. Nf1
Nd5 28. Qxb7 e4 29. Bf2 Qd1 30. Qb3 Qb1 31. Rg3 Nf4 32. Qe3 Be5 33. Rg4 Rf8 34.
d7 Qd1 35. Rxf4 Bxf4 36. Qc3+ Kg8 37. Qc4+ Kg7 38. Qc3+ Kh6 39. Qh3+ Qh5 40. Qa3
Qf5 41. Bh4 Bg5 42. Ne3 Qf4 43. Bxg5+ Kxg5 44. Qe7+ Qf6 45. Qc5+ Kh6 46. Qc2 Qd4
47. Qe2 Qxd7 48. g3 Kg5 49. h4+ Kh6 50. Ng4+ Kg7 51. Qxe4 Rf5 52. Ne3 Rc5 53.
Kh2 h5 54. b4 Rc8 55. Qe5+ Kh7 56. Nd5 Rc2+ 57. Kg1 Qa7+ 58. Kh1 Rc1+ 59. Kg2
Qg1+ 60. Kf3 Rf1+ 0-1

[Event "Open Portugal 2019"]
[Site "Lisboa POR"]
[Date "2019.02.05"]
[Round "5.43"]
[White "Rego, Pedro"]
[Black "Fossan, Aleksander"]
[Result "1-0"]
[WhiteElo "2228"]
[BlackElo "2040"]
[WhiteFideId "1904310"]
[BlackFideId "1519794"]
[WhiteTitle "FM"]
[WhiteCountry "POR"]
[BlackCountry "NOR"]
[PlyCount "103"]
[EventDate "2019.02.02"]

1. e4 c5 2. Nf3 g6 3. d4 cxd4 4. Nxd4 Bg7 5. Nc3 Nc6 6. Be3 Nf6 7. Bc4 O-O 8.
Bb3 Re8 9. f3 d5 10. exd5 Nb4 11. Nde2 e6 12. d6 Nbd5 13. Bd4 Qxd6 14. O-O Ne7
15. Bf2 Qe5 16. Qd4 Qa5 17. Qa4 Qxa4 18. Bxa4 Bd7 19. Bxd7 Nxd7 20. Rfd1 Nf6 21.
Rd3 Nc6 22. Nb5 Red8 23. Rad1 Rxd3 24. Rxd3 a6 25. Nbd4 Rd8 26. Nxc6 Rxd3 27.
Ne7+ Kf8 28. Nxg6+ hxg6 29. cxd3 Nd5 30. d4 Nb4 31. Nc1 Ke7 32. Kf1 Kd6 33. Ke2
Kd5 34. a3 Nc6 35. Kd3 Nxd4 36. Na2 Nb5 37. a4 Nc7 38. b3 Kd6 39. Nb4 Be5 40. h4
Nd5 41. Nxd5 Kxd5 42. g4 f5 43. h5 fxg4 44. fxg4 gxh5 45. gxh5 Bg7 46. Be3 b5
47. a5 Kd6 48. h6 Bf6 49. Ke4 Bh8 50. Bd2 Ke7 51. Bf4 Kf7 52. Be5 1-0

[Event "Open Portugal 2019"]
[Site "Lisboa POR"]
[Date "2019.02.05"]
[Round "5.44"]
[White "Garcia Dorado, Alberto"]
[Black "Darnell, Anton"]
[Result "1-0"]
[WhiteElo "2223"]
[BlackElo "2039"]
[WhiteFideId "2252244"]
[BlackFideId "1720244"]
[WhiteTitle "CM"]
[WhiteCountry "ESP"]
[BlackCountry "SWE"]
[PlyCount "89"]
[EventDate "2019.02.02"]

1. d4 d5 2. Nf3 Nf6 3. c4 c6 4. e3 Bf5 5. Nc3 a6 6. Ne5 Nbd7 7. Qb3 Qc7 8. cxd5
Nxe5 9. dxe5 Nxd5 10. Nxd5 cxd5 11. Bd2 e6 12. Rc1 Qd7 13. Be2 Be7 14. O-O O-O
15. Rc3 Rfc8 16. Rfc1 f6 17. Rxc8+ Rxc8 18. Rxc8+ Qxc8 19. Bc3 fxe5 20. Bxe5 Qc2
21. Qxc2 Bxc2 22. Kf1 Kf7 23. Ke1 Bb4+ 24. Bc3 Bxc3+ 25. bxc3 h6 26. c4 Bb1 27.
a3 Ba2 28. cxd5 Bxd5 29. f3 g5 30. Kd2 e5 31. g3 Ke7 32. Kc3 Kd6 33. Kb4 Bc6 34.
a4 Bd5 35. a5 Bc6 36. f4 exf4 37. gxf4 gxf4 38. exf4 Bd5 39. Bh5 Kc6 40. Be8+
Kd6 41. Ba4 Be6 42. Bc2 Bd5 43. f5 Kc6 44. f6 b6 45. Be4 1-0

[Event "Open Portugal 2019"]
[Site "Lisboa POR"]
[Date "2019.02.05"]
[Round "5.45"]
[White "Golecki, Jan"]
[Black "Korneev Leskova, Svyatoslav"]
[Result "1/2-1/2"]
[WhiteElo "2018"]
[BlackElo "2223"]
[WhiteFideId "1184008"]
[BlackFideId "22267565"]
[WhiteCountry "POL"]
[BlackCountry "ESP"]
[PlyCount "59"]
[EventDate "2019.02.02"]

1. e4 e6 2. d4 d5 3. Nd2 c5 4. exd5 Qxd5 5. Ngf3 cxd4 6. Bc4 Qd6 7. O-O Nf6 8.
Nb3 Nc6 9. Nbxd4 Nxd4 10. Qxd4 Qxd4 11. Nxd4 a6 12. Bf4 b5 13. Bb3 Bc5 14. Rad1
O-O 15. h3 Bb7 16. c3 Bd5 17. Be5 Bxd4 18. Rxd4 Bxb3 19. axb3 Nd5 20. c4 Ne7 21.
Rd6 Rfc8 22. cxb5 axb5 23. Rb6 f6 24. Bc3 Nd5 25. Rxb5 Rab8 26. Rxb8 Rxb8 27.
Re1 Kf7 28. b4 Nxb4 29. Bxb4 Rxb4 30. Re2 1/2-1/2

[Event "Open Portugal 2019"]
[Site "Lisboa POR"]
[Date "2019.02.05"]
[Round "5.46"]
[White "Li, Xueyi"]
[Black "Bub, Volker"]
[Result "1-0"]
[WhiteElo "2217"]
[BlackElo "2030"]
[WhiteFideId "8605912"]
[BlackFideId "4618963"]
[WhiteCountry "CHN"]
[BlackCountry "GER"]
[PlyCount "118"]
[EventDate "2019.02.02"]

1. Nf3 Nf6 2. g3 g6 3. Bg2 Bg7 4. d4 O-O 5. c4 d6 6. Nc3 Nc6 7. O-O a6 8. b3 Rb8
9. Bb2 b5 10. cxb5 axb5 11. d5 Na7 12. b4 c5 13. dxc6 Nxc6 14. Nd5 e5 15. Nxf6+
Bxf6 16. a3 Be6 17. Rc1 Ne7 18. e4 Qd7 19. Qd2 Rfd8 20. Rfd1 Bg4 21. Qe3 Qb7 22.
Rc2 Rd7 23. Rdc1 Rc8 24. h3 Be6 25. Rxc8+ Nxc8 26. Bf1 Rd8 27. h4 Bg7 28. h5 f6
29. hxg6 hxg6 30. Nh4 Bf7 31. Qe2 Na7 32. Qg4 Kh7 33. Rc2 Nc6 34. Qh3 Kg8 35.
Qg4 Kh7 36. Rd2 Ne7 37. Bg2 Bh6 38. Rd1 Bb3 39. Rd3 Bc4 40. Rc3 Qd7 41. Qf3 Kg7
42. Bc1 Bxc1 43. Rxc1 d5 44. exd5 Bxd5 45. Qe2 Bxg2 46. Nxg2 Nf5 47. Qe4 Nd4 48.
Nh4 Qf7 49. Kf1 Rd7 50. Nf3 Nxf3 51. Qxf3 f5 52. Qe2 Qd5 53. Kg1 Kf6 54. Qc2 Ke6
55. Qc8 Kf6 56. Rc7 Qd1+ 57. Kh2 Kg5 58. Qxd7 Kg4 59. Rc3 g5 1-0

[Event "Open Portugal 2019"]
[Site "Lisboa POR"]
[Date "2019.02.05"]
[Round "5.47"]
[White "Martins, Bruno"]
[Black "Jorge, Rita"]
[Result "1-0"]
[WhiteElo "2204"]
[BlackElo "1902"]
[WhiteFideId "1942255"]
[BlackFideId "1923161"]
[WhiteTitle "NM"]
[BlackTitle "WFM"]
[WhiteCountry "POR"]
[BlackCountry "POR"]
[PlyCount "113"]
[EventDate "2019.02.02"]

1. e4 c6 2. Nc3 d5 3. Nf3 Bg4 4. h3 Bh5 5. d4 e6 6. exd5 cxd5 7. g4 Bg6 8. Ne5
Nc6 9. h4 f6 10. Nxg6 hxg6 11. Bd3 Kf7 12. Ne2 Bd6 13. c3 Qc7 14. Be3 Nh6 15. f3
f5 16. Qc2 Ne7 17. Rg1 a6 18. O-O-O b5 19. a3 Rac8 20. Kb1 Qb8 21. Qd2 a5 22. b4
axb4 23. axb4 Qa7 24. Kb2 Qd7 25. Ra1 Rc7 26. Bf4 Bxf4 27. Nxf4 Rhc8 28. Ra3 Rb7
29. g5 Nhg8 30. Re1 Rb6 31. Bf1 Re8 32. Nd3 Nc6 33. f4 Qc7 34. Nc5 Nd8 35. Rea1
Nb7 36. Ra7 Ne7 37. R1a6 Rb8 38. Rxb6 Qxb6 39. Ra6 Qd8 40. Nxe6 Qc8 41. Rb6 Nd8
42. Rxb8 Qxb8 43. Nxd8+ Qxd8 44. Bxb5 Nc8 45. Bd3 Nd6 46. Qe2 Ne4 47. Bxe4 fxe4
48. h5 Qd6 49. hxg6+ Kxg6 50. Qg4 Qa6 51. f5+ Kf7 52. Qh5+ Ke7 53. f6+ gxf6 54.
g6 Qd3 55. g7 Qg3 56. Qh7 Qf2+ 57. Kb3 1-0

[Event "Open Portugal 2019"]
[Site "Lisboa POR"]
[Date "2019.02.05"]
[Round "5.48"]
[White "Ermeni, Avni"]
[Black "Gkogkas, Dimitrios"]
[Result "1/2-1/2"]
[WhiteElo "2194"]
[BlackElo "2004"]
[WhiteFideId "912840"]
[BlackFideId "4200462"]
[WhiteTitle "FM"]
[WhiteCountry "KOS"]
[BlackCountry "GRE"]
[PlyCount "26"]
[EventDate "2019.02.02"]

1. c4 e5 2. Nc3 Nf6 3. Nf3 Nc6 4. g3 d5 5. cxd5 Nxd5 6. d3 Be7 7. Bg2 Nb6 8. O-O
O-O 9. b3 f5 10. Bb2 Be6 11. Qd2 Bf6 12. Rac1 Rf7 13. Qc2 g5 1/2-1/2

[Event "Open Portugal 2019"]
[Site "Lisboa POR"]
[Date "2019.02.05"]
[Round "5.49"]
[White "Andias, João"]
[Black "Borges, Guilherme Deola"]
[Result "1-0"]
[WhiteElo "2039"]
[BlackElo "2181"]
[WhiteFideId "1900862"]
[BlackFideId "2109085"]
[WhiteCountry "POR"]
[BlackCountry "BRA"]
[PlyCount "99"]
[EventDate "2019.02.02"]

1. e4 c6 2. d4 d5 3. e5 Bf5 4. Nf3 e6 5. Be2 h6 6. O-O Nd7 7. Nbd2 Ne7 8. c4
dxc4 9. Nxc4 Nd5 10. Ne3 Bg6 11. Nxd5 cxd5 12. Qb3 Rb8 13. Bd2 Be7 14. Bb4 Qb6
15. Bxe7 Qxb3 16. axb3 Kxe7 17. Rfc1 Rhc8 18. Rc3 a6 19. Kf1 f6 20. Rac1 Kd8 21.
Nh4 Bh7 22. Bg4 f5 23. Bh5 g5 24. Nf3 Nf8 25. Ne1 f4 26. g3 fxg3 27. fxg3 Be4
28. Kf2 Kd7 29. Rxc8 Rxc8 30. Rxc8 Kxc8 31. Ke3 Kd8 32. h4 gxh4 33. gxh4 Nd7 34.
Bf3 Bf5 35. Kf4 Ke7 36. Bxd5 b6 37. Be4 Bh3 38. Nc2 Bf1 39. Ne3 Be2 40. Ng4 Bxg4
41. Kxg4 Kf7 42. Kh5 Kg7 43. Bd3 a5 44. Bb5 Nf8 45. Be8 Kh7 46. Kg4 Kg7 47. Kf4
b5 48. Ke4 b4 49. d5 Nh7 50. d6 1-0

[Event "Open Portugal 2019"]
[Site "Lisboa POR"]
[Date "2019.02.05"]
[Round "5.50"]
[White "Srinath, Rao S. V."]
[Black "Martins, Diogo"]
[Result "1-0"]
[WhiteElo "2437"]
[BlackElo "1993"]
[WhiteFideId "5028876"]
[BlackFideId "1926934"]
[WhiteTitle "FM"]
[WhiteCountry "IND"]
[BlackCountry "POR"]
[PlyCount "53"]
[EventDate "2019.02.02"]

1. e4 c5 2. c3 g6 3. d4 cxd4 4. cxd4 d5 5. e5 Bg7 6. Nc3 Nh6 7. h3 O-O 8. g4 f6
9. f4 fxe5 10. fxe5 e6 11. Nf3 Nc6 12. Bg2 b6 13. O-O Ba6 14. Rf2 Qe8 15. Be3
Rc8 16. Qd2 Nf7 17. h4 Na5 18. b3 Rc7 19. h5 h6 20. Nh4 gxh5 21. Ng6 hxg4 22.
Nxf8 Qxf8 23. Nxd5 exd5 24. e6 Qd6 25. Bf4 Ne5 26. dxe5 Bxe5 27. Qxd5 1-0

[Event "Open Portugal 2019"]
[Site "Lisboa POR"]
[Date "2019.02.05"]
[Round "5.51"]
[White "Tryggestad, Andreas Garberg"]
[Black "Myrheim, Håkon"]
[Result "1-0"]
[WhiteElo "2351"]
[BlackElo "1993"]
[WhiteFideId "1513338"]
[BlackFideId "1526820"]
[WhiteTitle "FM"]
[WhiteCountry "NOR"]
[BlackCountry "NOR"]
[PlyCount "89"]
[EventDate "2019.02.02"]

1. d4 Nf6 2. c4 c5 3. d5 b5 4. cxb5 a6 5. bxa6 g6 6. Nc3 Bg7 7. Nf3 O-O 8. e4
Qa5 9. Bd2 Bxa6 10. e5 Ng4 11. Ne4 Qb6 12. Bxa6 Nxa6 13. Bc3 d6 14. exd6 Bxc3+
15. bxc3 exd6 16. O-O Rfe8 17. Nfd2 f5 18. Nc4 Qc7 19. Nexd6 Red8 20. h3 Nf6 21.
Nb5 Qb7 22. Qb3 Rab8 23. Rab1 Qxd5 24. Rfd1 Qf7 25. Rxd8+ Rxd8 26. Nbd6 Qe7 27.
Ne5+ Kg7 28. Qb7 Nc7 29. Nxf5+ gxf5 30. Nc6 Qd6 31. Nxd8 Qxd8 32. Qc6 Qe7 33. a4
Nfe8 34. a5 Qe2 35. Qxc5 Qe4 36. Qd4+ Qxd4 37. cxd4 Kf7 38. Rb7 Ke6 39. a6 Kd5
40. a7 Kxd4 41. Rb8 Nd6 42. a8=Q Nxa8 43. Rxa8 h6 44. Rh8 Ke5 45. Rxh6 1-0

[Event "Open Portugal 2019"]
[Site "Lisboa POR"]
[Date "2019.02.05"]
[Round "5.52"]
[White "Godzwon, Iwo"]
[Black "Fidalgo, Daniel"]
[Result "1-0"]
[WhiteElo "2322"]
[BlackElo "1981"]
[WhiteFideId "21802483"]
[BlackFideId "1934279"]
[WhiteTitle "FM"]
[WhiteCountry "POL"]
[BlackCountry "POR"]
[PlyCount "67"]
[EventDate "2019.02.02"]

1. d4 e6 2. c4 f5 3. g3 Nf6 4. Bg2 g6 5. Nf3 Bg7 6. O-O d5 7. b3 O-O 8. Bb2 c6
9. Nbd2 Nbd7 10. Ne1 g5 11. Nd3 h5 12. Nf3 Ne4 13. Nfe5 h4 14. f3 Nef6 15. gxh4
Nxe5 16. dxe5 Nh5 17. hxg5 Qxg5 18. f4 Qg6 19. cxd5 Kf7 20. Kf2 Qg4 21. e3 Qh4+
22. Kg1 Bh6 23. Qf3 Rg8 24. Bc3 exd5 25. Be1 Qg4 26. Qxg4 fxg4 27. e4 dxe4 28.
Bxe4 g3 29. hxg3 Nxg3 30. Bxg3 Rxg3+ 31. Kf2 Rg4 32. Kf3 Bd7 33. e6+ Bxe6 34.
Ne5+ 1-0

[Event "Open Portugal 2019"]
[Site "Lisboa POR"]
[Date "2019.02.05"]
[Round "5.54"]
[White "Taranin, Konstantin"]
[Black "Ranaldi, Lucas"]
[Result "0-1"]
[WhiteElo "1976"]
[BlackElo "2229"]
[WhiteFideId "24109002"]
[BlackFideId "1519484"]
[BlackTitle "FM"]
[WhiteCountry "RUS"]
[BlackCountry "NOR"]
[PlyCount "64"]
[EventDate "2019.02.02"]

1. e4 c5 2. Nf3 d6 3. d4 cxd4 4. Nxd4 Nf6 5. Nc3 a6 6. Be2 e5 7. Nb3 Be7 8. Be3
Nbd7 9. O-O O-O 10. h3 b5 11. Nd5 Nxd5 12. Qxd5 Rb8 13. a4 Bb7 14. Qd3 Nf6 15.
Nd2 d5 16. axb5 axb5 17. Ba7 dxe4 18. Qxb5 Qxd2 19. Bxb8 Rxb8 20. Rfd1 Qb4 21.
Qxe5 Re8 22. c3 Qxb2 23. Rdb1 Qxe2 24. Rxb7 Bf8 25. Qd4 e3 26. fxe3 Ne4 27. Rf1
Bc5 28. Qd7 Qxe3+ 29. Kh2 Qg3+ 30. Kh1 Nf2+ 31. Rxf2 Re1+ 32. Rf1 Rxf1# 0-1

[Event "Open Portugal 2019"]
[Site "Lisboa POR"]
[Date "2019.02.05"]
[Round "5.55"]
[White "Pipiras, Filipa"]
[Black "Carlsson, Ludvig"]
[Result "0-1"]
[WhiteElo "1964"]
[BlackElo "2217"]
[WhiteFideId "1944894"]
[BlackFideId "1727010"]
[BlackTitle "CM"]
[WhiteCountry "POR"]
[BlackCountry "SWE"]
[PlyCount "132"]
[EventDate "2019.02.02"]

1. d4 d5 2. c4 c6 3. cxd5 cxd5 4. Nf3 Nf6 5. Nc3 Nc6 6. Bf4 Ne4 7. e3 Nxc3 8.
bxc3 e6 9. Bd3 Bd6 10. Bxd6 Qxd6 11. O-O O-O 12. Rb1 b6 13. Qd2 Bb7 14. Rfd1
Rac8 15. Rbc1 h6 16. h3 Rfd8 17. Be2 Rc7 18. c4 dxc4 19. Bxc4 Na5 20. Be2 Rdc8
21. Ne5 Qa3 22. Rxc7 Rxc7 23. Bf3 Bxf3 24. Nxf3 Qc3 25. Qxc3 Rxc3 26. Ne1 Kf8
27. Kf1 Ke7 28. Ke2 Kd6 29. Rd2 Nc6 30. Rc2 Ra3 31. Rb2 Kd5 32. Nc2 Rc3 33. Kd2
Kc4 34. a3 b5 35. Nb4 Na5 36. Na2 Rb3 37. Rc2+ Kd5 38. Nc3+ Kd6 39. a4 Nc4+ 40.
Ke2 bxa4 41. Nxa4 Rb4 42. Nc5 Rb2 43. Rxb2 Nxb2 44. Kd2 Nc4+ 45. Kc3 Nb6 46. Kb4
Nd7 47. Nxd7 Kxd7 48. Kb5 Kc7 49. Ka6 Kb8 50. e4 f5 51. e5 f4 52. h4 h5 53. f3
g6 54. Ka5 Kb7 55. Kb5 a6+ 56. Ka5 Kc6 57. Kxa6 Kd5 58. Kb5 Kxd4 59. Kc6 Kxe5
60. Kd7 Kf6 61. Ke8 g5 62. Kf8 gxh4 63. Kg8 e5 64. Kh7 e4 65. fxe4 h3 66. gxh3
f3 0-1

[Event "Open Portugal 2019"]
[Site "Lisboa POR"]
[Date "2019.02.05"]
[Round "5.57"]
[White "Boucquet, Emile"]
[Black "Ladisic, Alex-Sacha"]
[Result "1-0"]
[WhiteElo "2213"]
[BlackElo "1934"]
[WhiteFideId "233161"]
[BlackFideId "610631"]
[WhiteCountry "BEL"]
[BlackCountry "FRA"]
[PlyCount "105"]
[EventDate "2019.02.02"]

1. e4 e5 2. Nf3 Nc6 3. Bc4 d6 4. d4 Be7 5. h3 Nf6 6. Nc3 O-O 7. O-O a6 8. Re1 b5
9. Bf1 Re8 10. g3 h6 11. Bg2 Bb7 12. d5 Nb8 13. Nd2 c6 14. dxc6 Nxc6 15. Nb3 Rc8
16. Be3 Bf8 17. a4 b4 18. Nd5 Nxd5 19. exd5 Ne7 20. Qg4 f5 21. Qxb4 Bxd5 22. Bb6
Qd7 23. Na5 Bxg2 24. Kxg2 Nc6 25. Qb3+ Kh8 26. Kg1 Nxa5 27. Bxa5 Qc6 28. Bc3 Rb8
29. Qf7 Qc8 30. Rad1 Re6 31. Qxf5 Qe8 32. Qe4 Qh5 33. Kg2 Be7 34. Qe2 Qg6 35.
Qe4 Qf7 36. Re3 Rf6 37. Rf3 Rf8 38. Rxf6 Qxf6 39. Rd2 g5 40. a5 Kg7 41. b4 Rc8
42. Bb2 Qe6 43. Rd5 Qf7 44. c4 Qg6 45. Qe2 Kf7 46. b5 axb5 47. cxb5 Rc2 48. Rd2
Rxd2 49. Qxd2 Qe4+ 50. Kh2 Qc4 51. a6 Qxb5 52. a7 Qb7 53. Qa5 1-0

[Event "Open Portugal 2019"]
[Site "Lisboa POR"]
[Date "2019.02.05"]
[Round "5.58"]
[White "Casagrande, Federico"]
[Black "Real, Thibault"]
[Result "0-1"]
[WhiteElo "1911"]
[BlackElo "2211"]
[WhiteFideId "2827137"]
[BlackFideId "205559"]
[WhiteCountry "ITA"]
[BlackCountry "BEL"]
[PlyCount "96"]
[EventDate "2019.02.02"]

1. d4 Nf6 2. c4 e6 3. Nf3 d5 4. Nc3 dxc4 5. e3 a6 6. a4 c5 7. Bxc4 Nc6 8. O-O
Be7 9. b3 O-O 10. Bb2 cxd4 11. exd4 Nb4 12. Qe2 Nbd5 13. Ne5 Bb4 14. Ne4 Qe7 15.
Rac1 h6 16. Qf3 Rd8 17. Rfd1 Rb8 18. Bd3 Ba5 19. Rc4 Bd7 20. Nxf6+ Nxf6 21. Rc2
Be8 22. Rdc1 Bb6 23. Rc4 Rd5 24. Bc3 Qd6 25. Be4 Nxe4 26. Qxe4 Rd8 27. Bb4 Qb8
28. Nf3 Bc6 29. Qg4 Rf5 30. R1c3 Bd5 31. h3 Bxc4 32. Rxc4 Qf4 33. Qxf4 Rxf4 34.
Bc3 Rf5 35. Kf1 Rfd5 36. Ke2 f6 37. Bb2 R5d7 38. Rc2 Rc7 39. Rc4 Rdc8 40. Kd3
Ba5 41. Ba3 Kf7 42. g4 h5 43. g5 Kg6 44. Bc1 b5 45. axb5 axb5 46. Rxc7 Rxc7 47.
Bb2 fxg5 48. Ne5+ Kf5 0-1

[Event "Open Portugal 2019"]
[Site "Lisboa POR"]
[Date "2019.02.05"]
[Round "5.59"]
[White "Vasques, António"]
[Black "Candeias, Humberto"]
[Result "1-0"]
[WhiteElo "2210"]
[BlackElo "1932"]
[WhiteFideId "1908332"]
[BlackFideId "1903454"]
[WhiteTitle "FM"]
[WhiteCountry "POR"]
[BlackCountry "POR"]
[PlyCount "87"]
[EventDate "2019.02.02"]

1. e4 e5 2. Nf3 Nc6 3. Bb5 f5 4. d3 fxe4 5. dxe4 Nf6 6. O-O Bc5 7. Nc3 d6 8. Bg5
O-O 9. Nd5 Kh8 10. Nh4 Nd4 11. Bc4 Ne6 12. Bxf6 gxf6 13. Qh5 Qe8 14. Qxe8 Rxe8
15. Nxf6 Rf8 16. Nd5 Bd7 17. b4 c6 18. bxc5 cxd5 19. Bxd5 Nxc5 20. f3 Rac8 21.
Rfd1 Rf6 22. Rd2 Kg7 23. Rad1 Kf8 24. g4 Ke7 25. Nf5+ Bxf5 26. gxf5 Rff8 27. Rg2
Kf6 28. Kf2 Rc7 29. Ke3 Rg7 30. Rg4 Rd8 31. Rdg1 Rdd7 32. R1g3 Rxg4 33. fxg4 Rg7
34. Kf3 h6 35. Rh3 Rh7 36. Rh5 Kg7 37. h4 b6 38. g5 Nd7 39. Bc6 Nc5 40. Be8 Rh8
41. f6+ Kf8 42. Rxh6 Rxh6 43. gxh6 Ne6 44. h7 1-0

[Event "Open Portugal 2019"]
[Site "Lisboa POR"]
[Date "2019.02.05"]
[Round "5.60"]
[White "Damasceno, Jorge"]
[Black "Nielsen, André"]
[Result "1/2-1/2"]
[WhiteElo "1890"]
[BlackElo "2201"]
[WhiteFideId "1900960"]
[BlackFideId "1518240"]
[BlackTitle "FM"]
[WhiteCountry "POR"]
[BlackCountry "NOR"]
[PlyCount "79"]
[EventDate "2019.02.02"]

1. Nf3 d5 2. c4 d4 3. e3 c5 4. exd4 cxd4 5. d3 Nc6 6. g3 e5 7. Bg2 Nf6 8. O-O
Bd6 9. Re1 O-O 10. Bg5 h6 11. Bxf6 Qxf6 12. a3 a5 13. Nbd2 Qd8 14. c5 Bc7 15.
Nc4 Re8 16. Rb1 a4 17. b4 axb3 18. Qxb3 Kh7 19. Nb6 Bxb6 20. cxb6 Be6 21. Qb2
Bd5 22. Ra1 Ra6 23. Rab1 Qd6 24. Ra1 Rea8 25. Nd2 Bxg2 26. Kxg2 Rxa3 27. Nc4
Qd5+ 28. Kg1 Rxa1 29. Rxa1 Rxa1+ 30. Qxa1 e4 31. Qb1 g6 32. Qc2 exd3 33. Qxd3
Ne5 34. Nxe5 Qxe5 35. Qf3 Qf5 36. Qxb7 d3 37. Kf1 Qh3+ 38. Ke1 Qe6+ 39. Kf1 Kg7
40. Qf3 1/2-1/2

[Event "Open Portugal 2019"]
[Site "Lisboa POR"]
[Date "2019.02.05"]
[Round "5.61"]
[White "Gentes Benito, Ángel"]
[Black "Santos, José Gulherme"]
[Result "0-1"]
[WhiteElo "1907"]
[BlackElo "2191"]
[WhiteFideId "2225549"]
[BlackFideId "1939300"]
[WhiteCountry "ESP"]
[BlackCountry "POR"]
[PlyCount "60"]
[EventDate "2019.02.02"]

1. e4 c5 2. Nf3 d6 3. c3 Nf6 4. Be2 Nc6 5. d4 cxd4 6. cxd4 d5 7. e5 Ne4 8. Nbd2
Bg4 9. h3 Bxf3 10. Nxf3 e6 11. O-O Be7 12. Re1 O-O 13. Bd3 Ng5 14. Nxg5 Bxg5 15.
Qh5 h6 16. f4 Bh4 17. f5 Bxe1 18. f6 Qb6 19. Be3 Bd2 20. Bf2 Qc7 21. Qg4 g6 22.
Qe2 Bf4 23. Re1 Rac8 24. Qg4 Bd2 25. Re2 Nb4 26. Bb5 Qc1+ 27. Kh2 Bg5 28. g3 h5
29. Qf3 Rc2 30. Re1 Qxe1 0-1

[Event "Open Portugal 2019"]
[Site "Lisboa POR"]
[Date "2019.02.05"]
[Round "5.62"]
[White "Lindbøl, Aleksander"]
[Black "Woithe, Daniel"]
[Result "1-0"]
[WhiteElo "2190"]
[BlackElo "1921"]
[WhiteFideId "1520644"]
[BlackFideId "16244648"]
[WhiteCountry "NOR"]
[BlackCountry "GER"]
[PlyCount "161"]
[EventDate "2019.02.02"]

1. e4 e6 2. d4 d5 3. Nd2 c5 4. Ngf3 Nf6 5. exd5 exd5 6. Bb5+ Bd7 7. Bxd7+ Nbxd7
8. O-O Be7 9. dxc5 Nxc5 10. Nb3 Nce4 11. Nbd4 O-O 12. c3 Re8 13. Be3 Bd6 14. Nf5
Bf8 15. Qb3 Qd7 16. Ng3 b6 17. Rad1 Rad8 18. Bd4 Nxg3 19. hxg3 Ne4 20. Rfe1 Re6
21. Be5 Nc5 22. Qc2 f6 23. Bf4 Rde8 24. Rxe6 Qxe6 25. Qd2 Rd8 26. c4 d4 27. b3
d3 28. Qe3 Qxe3 29. Bxe3 Ne4 30. Nd4 Nc3 31. Rxd3 Nxa2 32. Rd2 Nb4 33. Kf1 Kf7
34. Ke2 Bc5 35. Nb5 Rxd2+ 36. Bxd2 Nc6 37. Bc3 Ke7 38. Nc7 Kd7 39. Nd5 Nd4+ 40.
Bxd4 Bxd4 41. g4 g6 42. Kd3 Ba1 43. b4 f5 44. gxf5 gxf5 45. b5 Bg7 46. f3 Kd6
47. Nb4 Kc5 48. Nc2 Kd6 49. f4 Bf6 50. Nd4 Bxd4 51. Kxd4 h6 52. g3 h5 53. c5+
bxc5+ 54. Kc4 Kd7 55. Kd5 Kc8 56. Kxc5 Kc7 57. Kb4 Kb6 58. Kc4 Kb7 59. Kd5 Kb6
60. Ke5 Kxb5 61. Kxf5 a5 62. Kg6 a4 63. f5 a3 64. f6 a2 65. f7 a1=Q 66. f8=Q Qd1
67. Qf5+ Kc6 68. Kg5 Kd6 69. Qf6+ Kd7 70. Qf7+ Kd6 71. Qxh5 Qd5+ 72. Kh6 Qd2+
73. Kh7 Kd7 74. Qf5+ Ke7 75. g4 Qh2+ 76. Kg6 Qd6+ 77. Kg7 Qd4+ 78. Kh7 Qd6 79.
g5 Qh2+ 80. Kg7 Qb2+ 81. Qf6+ 1-0

[Event "Open Portugal 2019"]
[Site "Lisboa POR"]
[Date "2019.02.05"]
[Round "5.63"]
[White "Newton, Andrew"]
[Black "Kubicka, Anna"]
[Result "1-0"]
[WhiteElo "1883"]
[BlackElo "2186"]
[WhiteFideId "2403285"]
[BlackFideId "1152254"]
[BlackTitle "WIM"]
[WhiteCountry "SCO"]
[BlackCountry "POL"]
[PlyCount "71"]
[EventDate "2019.02.02"]

1. e4 d6 2. d4 Nf6 3. Nc3 e5 4. Nge2 Be7 5. g3 Bg4 6. Bg2 Nc6 7. h3 Bh5 8. g4
exd4 9. Nxd4 Nxd4 10. Qxd4 Bg6 11. f4 h6 12. Be3 Nd7 13. O-O-O Bf6 14. Qb4 Bxc3
15. Qxc3 f6 16. h4 Bf7 17. Bf3 Nb6 18. Rhe1 Qe7 19. e5 fxe5 20. fxe5 d5 21. e6
Bg6 22. g5 O-O-O 23. Bc5 Qe8 24. e7 Rd7 25. Bg4 Kb8 26. Bxd7 Nxd7 27. Rxd5 Bf7
28. Rxd7 Qxd7 29. Qxg7 Qe8 30. Rf1 b6 31. Qxf7 Qb5 32. Qf8+ Kb7 33. Qf3+ Ka6 34.
Qd3 Re8 35. Qxb5+ Kxb5 36. Rf8 1-0